| 000 | 00822 a2200169 4500 | ||
|---|---|---|---|
| 003 | Nust | ||
| 005 | 20230504131605.0 | ||
| 040 | _cNust | ||
| 082 | _a973,PAG | ||
| 100 |
_aPage, Elizabeth _9112115 |
||
| 245 |
_aTree of Liberty / _cElizabeth Page |
||
| 260 |
_aLondon _bCollins |
||
| 300 | _a766:p | ||
| 505 | _aPART-1: The Fertile Soil January 1754 to Aug 1755 (Page-13), PART-2: Divergent Roots Nov 1759 to May 1776 (Page-47), PART-3: The Hot-Bed Oct to 1776 to April 1783 (Page-145), PART-4: The Untrimmed Tangle June 1783 to January 1789 (Page-253), PART-5: The Pruning Oct 1789 to April 1798 (Page-347), PART-6: The Mutilation of the Tree April 1798 to February 1801 (Page-509), PART-7: Symmetrical Growing March 1801 to Oct 1806(Page-659). | ||
| 650 |
_aAmerican people Life _9112116 |
||
| 942 |
_2ddc _cBK _k973,PAG |
||
| 999 |
_c187588 _d187588 |
||